000 00408nab a2200145Ia 4500
003 ES-SlBCS
005 20210601131741.0
008 140529s1932 xxu||||| |||| 00| 0 fre d
041 _afre
100 1 _aAllo, E.-B.
_9188551
245 0 0 _aL'Ontologie du Vedânta
_c E.-B. Allo
650 0 4 _aOntología
_985850
773 0 _tVie Intelectuelle (La)
_gvol. 16, nº. 1-2, 1932, págs. 87-89
_wRev907
942 _cAR
999 _c568148
_d568148